George W. Handy: Nedokonalosť prostredia nie je ospravedlnením

Rozhovor s G. W. Handym o etike firmy a etickom kódexe. Otázka etického podnikania. Veľký význam firemných kódexov. Tvorba návrhu podnikateľského kódexu. Skúsenosti amerických firiem. Na Slovensku sú etické kódexy známe len z veľkých koncernov. Slovenské podnikateľské prostredie ešte nie je dostatoč...

Descrizione completa

Salvato in:
Dettagli Bibliografici
Autore principale: Horníková, Zuzana
Altri autori: Záborský, Ján, Handy, George W.
Natura: Capitolo di libro
Lingua:slovacco
Soggetti:
Tags: Aggiungi Tag
Nessun Tag, puoi essere il primo ad aggiungerne!!

MARC

LEADER 00000naa a2200000 4500
001 r048495
005 20230921114614.0
041 0 |a slo 
044 |a SK 
245 1 0 |a George W. Handy: Nedokonalosť prostredia nie je ospravedlnením  |c Zuzana Horníková, Ján Záborský, George W. Handy 
520 |a Rozhovor s G. W. Handym o etike firmy a etickom kódexe. Otázka etického podnikania. Veľký význam firemných kódexov. Tvorba návrhu podnikateľského kódexu. Skúsenosti amerických firiem. Na Slovensku sú etické kódexy známe len z veľkých koncernov. Slovenské podnikateľské prostredie ešte nie je dostatočne pripravené uplatňovať podnikateľskú etiku. K etickému správaniu majú podnikateľov tlačiť predovšetkým občania. 
610 2 0 |a etika 
610 2 0 |a etika podnikateľská 
610 2 0 |a kódexy etické 
610 2 0 |a podnikanie 
610 2 0 |a Slovensko 
610 2 0 |a USA 
610 2 0 |a SVE 
100 1 |a Horníková, Zuzana 
700 1 |a Záborský, Ján 
700 1 |a Handy, George W.